Statistics for Richest Countries by GDP Per Capita (2023)

Click here to take the quiz!

General Stats

  • This quiz has been taken 31 times
  • The average score is 21 of 25

Answer Stats

IncomeCountry% Correct
$142,490Luxembourg
100%
$65,842Sweden
97%
$87,963Switzerland
97%
$80,035United States
97%
$73,386Denmark
94%
$60,897Finland
94%
$145,196Ireland
94%
$124,834Qatar
94%
$133,895Singapore
94%
$72,973Netherlands
90%
$82,655Norway
90%
$88,221United Arab Emirates
90%
$65,366Australia
87%
$69,502Austria
87%
$65,501Belgium
87%
$66,132Germany
87%
$60,596Bahrain
84%
$68,998Andorra
81%
$69,779Iceland
81%
$73,344Taiwan
74%
$64,836Saudi Arabia
71%
$75,583Brunei
68%
$61,939Malta
68%
$78,926San Marino
65%
$60,648Guyana
13%

Score Distribution

Percentile by Number Answered

Percent of People with Each Score

Your Score History

You have not taken this quiz